Continental Philosophy of Technoscience.

Bibliographic Details
Main Author: Zwart, Hub.
Format: eBook
Language:English
Published: Cham : Springer International Publishing AG, 2021.
Edition:1st ed.
Series:Philosophy of Engineering and Technology Series
Subjects:
Online Access:Click to View
LEADER 05606nam a22004213i 4500
001 EBC6811603
003 MiAaPQ
005 20231204023220.0
006 m o d |
007 cr cnu||||||||
008 231204s2021 xx o ||||0 eng d
020 |a 9783030845704  |q (electronic bk.) 
020 |z 9783030845698 
035 |a (MiAaPQ)EBC6811603 
035 |a (Au-PeEL)EBL6811603 
035 |a (OCoLC)1321797907 
040 |a MiAaPQ  |b eng  |e rda  |e pn  |c MiAaPQ  |d MiAaPQ 
050 4 |a Q174-175.3 
100 1 |a Zwart, Hub. 
245 1 0 |a Continental Philosophy of Technoscience. 
250 |a 1st ed. 
264 1 |a Cham :  |b Springer International Publishing AG,  |c 2021. 
264 4 |c ©2022. 
300 |a 1 online resource (247 pages) 
336 |a text  |b txt  |2 rdacontent 
337 |a computer  |b c  |2 rdamedia 
338 |a online resource  |b cr  |2 rdacarrier 
490 1 |a Philosophy of Engineering and Technology Series ;  |v v.38 
505 0 |a Continental Philosophy of Technoscience -- Contents -- Chapter 1: Introduction: Coming to Terms with Technoscience -- Continental Philosophy as a Research Program -- Hegelian Dialectics -- Dialectical Materialism -- Psychoanalysis of Technoscience -- Heideggerian Phenomenology -- From Dialectics to Phenomenology and Back -- Convergence -- References -- Chapter 2: Dialectics of Technoscience -- Genesis of Dialectics -- Dialectics of Technoscience: First Outline -- The Oblique Perspective -- The Inherent Negativity of Technoscience -- Outline of a Methodology -- Hegel's Logic: The Interaction Between Philosophy (as a Science) and Science -- Dialectics and the Real -- The Chemical Process as a Syllogism -- From Syllogism to System -- Extrapolations -- Philosophy of Nature -- Polarity -- Domestication Domesticated -- Planet Earth as a Terrestrial Organism -- Hegel and the End of Evolution -- Dialectics of Technoscience -- References -- Chapter 3: Dialectical Materialism -- Introduction -- Fragments on Method -- Anton Pannekoek: A Marxist View on the History of Astronomy -- Friedrich Engels and the Technoscientific Reproducibility of Life -- Dialectics of Science and Nature as a Research Program -- Engels' Dialectical Materialist Rereading of Hegel -- Dialectics of Science and Nature -- From Bourgeois Metaphysics to Dialectics of Science -- Dialectical Materialism Versus Bourgeois Epistemology in Twentieth Century Marxism -- From Artificial Proteins to Synthetic Cells -- References -- Chapter 4: Psychoanalysing Technoscience -- Psychoanalysis and the Psychic Machine -- Gaston Bachelard: The Inherent Dialectics of Technoscience -- Psychoanalysis and Dialectics -- The Year 1953 -- Jacques Lacan: Formalising the Hegelian Syllogism -- Discourse of the Master -- The Emancipation of S2 - The Case History of Ivan Pavlov. 
505 8 |a University Discourse and Its Vicissitudes -- A First Case History: The Majorana Particle -- Discourse of the Analyst -- Language and the Tormented Subject () -- Second Case History: Malaria Research -- Third Case History: The Nude Mouse -- References -- Chapter 5: Louis Althusser: Science and Ideology -- Rereading Marx -- Practising Dialectics: Active Reading (First Moment) -- Symptomatic Reading (the Second Moment) -- Reading Capital -- Reading Althusser -- The Specificity of a Marxist Dialectic of Technoscience -- Friedrich Engels on Marx and Lavoisier -- The Object of Knowledge, the Real Object and the Problematic of Technoscientific Appropriation -- The Spontaneous Philosophy of Science and the Experience of a Scientific Crisis -- Incorporating Althusser -- References -- Chapter 6: Coming to Terms with Technoscience: The Heideggerian Way -- Introduction -- Heidegger on Method: Setting the Stage -- Heidegger's Early Views on Method -- Heidegger's Method after the Turn: First Exploration -- Heidegger's Discourse on Method: On our Way Towards Technoscience -- Handling πρτ̔̈”Α<U+0043>·γματα: The Vicissitudes of Technoscientific Objects -- Laboratories as (Worldly - Unworldly) Settings -- Technoscience as a Global Research Enterprise -- Concluding Reflection: Is a Technoscience-Philosophy Dialogue Possible? -- References -- Chapter 7: Pierre Teilhard de Chardin's Phenomenology of the Noosphere -- Introduction -- What Is Phenomenology? -- Teilhard de Chardin's Views on Science, Technology and Evolution -- Case History: A Teilhardian Assessment of Human Genomics -- Teilhard as a Dialectical Thinker -- The Ascent of the Spirit and the Noosphere -- Teilhard and Lacan: From Skulls to Shells -- References -- Chapter 8: Philosophy of Technoscience: From Cis-Continental to Trans-Continental -- Taking Stock: The Noumenal Turn in Technoscience. 
505 8 |a The Technoscientific Revolution and its Summa -- Convergence -- Discourse of Capitalism -- Neo-Liberalism and Post-Truth -- References. 
588 |a Description based on publisher supplied metadata and other sources. 
590 |a Electronic reproduction. Ann Arbor, Michigan : ProQuest Ebook Central, 2023. Available via World Wide Web. Access may be limited to ProQuest Ebook Central affiliated libraries.  
655 4 |a Electronic books. 
776 0 8 |i Print version:  |a Zwart, Hub  |t Continental Philosophy of Technoscience  |d Cham : Springer International Publishing AG,c2021  |z 9783030845698 
797 2 |a ProQuest (Firm) 
830 0 |a Philosophy of Engineering and Technology Series 
856 4 0 |u https://ebookcentral.proquest.com/lib/matrademy/detail.action?docID=6811603  |z Click to View